Participants Olympiades Maison grise Pierre Croce #1 - Statistiques

Statistiques générales
  • Ce quiz a été pris 294 fois
    253 depuis la dernière actualisation
  • Le résultat moyen est 11 sur 16
Statistiques - réponses
Élimination Participant % Correct
Karaoké Royal Lucas
98%
Puzzle Royal Benjamin
97%
Bingo Royal Pierre
97%
Escape game Royal Frédéric
96%
SAV Royal Camille
89%
Just Dance Royal Guillaume
84%
Petit Bac Royal Léane
69%
Pictionnary Royal Agathe
66%
Vainqueur Alexandre
65%
Western Royal Pierre-Antoine
60%
Spikeball Royal Quentin
59%
Mini-golf Royal Dylan
58%
Beer Pong Royal Fanny
52%
Patate Chaude Royale Auriane
49%
Course de billes Royale Jordie
49%
Test d'anglais Royal Joffrey
42%
Aucun quiz correspondant
Distribution des résultats
% des personnes avec chaque résultat
Percentile par nombre de réponses
Votre historique - résultats
Vous n’avez pas pris ce quiz depuis la dernière actualisation